000 00751cam a22002291 4500
001 g 01001067
003 DLC
005 20260227111253.0
008 830125s1879 gw b 000 0 ger
010 _ag 01001067
035 _a(OCoLC)9161271
040 _aDLC
_cICIU
_dICIU
_dDLC
042 _apremarc
043 _ae-uk---
050 0 0 _aHC254
_b.O16
100 1 _aOchenkowski, Władyslaw von,
_d1840-1908.
245 1 0 _aEnglands wirtschaftliche Entwickelung im Ausgange des Mittelalters,
_cvon W.v. Ochenkowski.
260 _aJena,
_bG. Fischer,
_c1879.
300 _axiii, 261 p.
_c22 cm.
500 _a"Reichs- und städtische Urkundensammlungen, welche als Quellen benutzt wurden": p. [ix]
651 0 _aGreat Britain
_xEconomic conditions.
999 _c23641
_d23641